[Event "NM for ungdom 2016, gruppe C"]
[Site "Trondheim, Sør-Trøndelag NOR"]
[Date "2016.11.05"]
[Round "3"]
[White "Glesnes, Sander"]
[Black "Midtgard, Anders"]
[Result "0-1"]
[WhiteElo "788"]
[BlackElo "1105"]
[Annotator "Lea, Per"]
[PlyCount "124"]
[EventDate "2016.11.04"]

1. e4 c5 2. Nf3 d6 3. Nc3 a6 {Litt forsiktig, men fullt spillbart.} ({Mer
naturlig er kanskje å utvikle en av springerne:} 3... Nc6 4. d4 cxd4 5. Nxd4
Nf6 {med overgang til mer vanlige varianter}) ({eller} 3... Nf6 4. d4 cxd4 5.
Nxd4 Nc6 {med akkurat samme stilling som varianten over. Men når hvit unnlater
å spille d4 i det 3. trekket, så er det fordi han helst vil spille lukket
sicilianer - eller at han ikke kjenner åpningen i det hele tatt.}) 4. Be2 Nf6
5. d4 {Der kom det!} cxd4 6. Nxd4 e5 {Dette trekket kan være problematisk,
fordi bonden på d6 kanbli hengende etter, men det er fullt spillbart hvis
svart kjenner varianten(e). Sjekk f.eks. diverse partier P. Lea-T.Furnes i
varianten B33!} 7. Nf3 Be7 8. h3 O-O 9. O-O h6 10. Re1 Be6 11. a3 {Ikke lett å
se hensikten med dette trekket.} Qc7 12. Be3 Nbd7 13. Rb1 Nc5 14. Bxc5 $2 Qxc5
{Her er det mer naturlig å slå med bonden for å bli kvitt svakheten på d6} 15.
Qd2 Rfc8 {Virker litt pussig å flytte dette tårnet til c8. Her er det naturlig
å bruke a-tårmet. Men å sette det på d8 virker mer naturlig.} 16. Bd3 Nh5 17.
Qe3 Nf4 18. Qxc5 Rxc5 19. Red1 b5 20. Bf1 Rb8 21. Rdc1 {Nå er det hvit som
flytter feil tårn. Han vil jo spille tårnet bak c-bonden fordi han vil flytte
springeren, men Tbc1 må være bedre.} a5 22. Ne2 Nxe2+ 23. Bxe2 b4 24. axb4 $2
Rxb4 25. Nd2 $2 Ba2 ({Enda bedre er} 25... Bg5 26. c3 (26. Rd1 Rxc2 {og hvit
må tape en offiser}) 26... Bxd2 27. Rd1 Bxc3 28. bxc3 Rxc3 29. Ra1 a4 30. Rxd6
{og den svarte fribonden blir livsfarlig}) 26. Ra1 ({Bedre:} 26. c3 Bxb1 27.
Rxb1 Rb8) 26... Rxb2 27. Bd3 Bg5 28. Rd1 Be6 (28... a4 {og bonden er ett felt
nærmere forvandlingsfeltet. Svart kan når som helst få plassert et tårn bak
bonden - der det hører hjemme!}) 29. Nf3 Be7 30. Rab1 Rxb1 31. Rxb1 Bc4 {En
unøyaktighet, selv om det er fristende å bytte så mye sommulig når man leder
med en bonde. Men hvit får motsjanser ved å besette 7. raden med tårnet.} ({
Alternativer:} 31... a4) (31... Rc8) (31... Rc7) 32. Rb7 Bf8 33. Bxc4 Rxc4 34.
Ra7 a4 35. Ne1 Rxe4 36. Nd3 d5 37. Ra5 a3 {Kluss i notasjonen} 38. Rxd5 Ra4 39.
Nc1 a2 40. Nxa2 Rxa2 41. c4 Rc2 42. Rxe5 Rxc4 43. Kf1 f6 44. Rd5 Bc5 45. Rd2
Re4 46. Re2 Rxe2 47. Kxe2 Kf7 48. f3 g5 49. Kf1 Ke6 50. g3 Ke5 51. Kg2 f5 52.
Kh2 Kd4 53. g4 f4 54. Kg1 Ke3 55. Kg2 Ke2 56. h4 Bd4 57. h5 Bc5 58. Kh3 Kxf3
59. Kh2 Ke2 60. Kg2 f3+ 61. Kh2 f2 62. Kg3 Bd6+ 0-1

[Event "NM for ungdom 2016, gruppe C"]
[Site "Trondheim, Sør-Trøndelag NOR"]
[Date "2016.11.05"]
[Round "4"]
[White "Midtgard, Anders"]
[Black "Nærheim, Mats"]
[Result "1-0"]
[WhiteElo "1105"]
[BlackElo "1285"]
[Annotator "Lea, Per"]
[PlyCount "67"]
[EventDate "2016.11.04"]

1. d4 Nf6 2. Nf3 e6 3. c4 c5 4. Nc3 d5 5. Bg5 cxd4 6. Qxd4 Nc6 7. Qd1 Bb4 8.
Qc2 d4 9. Rd1 Qb6 10. Bxf6 gxf6 11. a3 Bxc3+ 12. bxc3 dxc3 13. Qxc3 e5 14. e3
Bd7 15. Be2 O-O-O 16. O-O Rhg8 17. Kh1 Bg4 18. Ng1 Rxd1 19. Rxd1 Bxe2 20. Nxe2
Rd8 21. Rxd8+ Qxd8 22. Qc2 Qg8 23. Qf5+ Kc7 24. Qxf6 Qg6 25. Qf3 Na5 26. Qd5
Nc6 27. Qf3 Qd3 $4 28. Qxf7+ Kb6 29. Ng1 Qxa3 30. Qxh7 Qe7 31. Qe4 a5 32. Qd5
Qc5 33. h4 a4 34. Ne2 {Svart gir opp i remisstilling...} 1-0

[Event "NM for ungdom 2016, gruppe C"]
[Site "Trondheim, Sør-Trøndelag NOR"]
[Date "2016.11.05"]
[Round "5"]
[White "Dias, Ethan"]
[Black "Midtgard, Anders"]
[Result "1-0"]
[WhiteElo "1174"]
[BlackElo "1105"]
[Annotator "Lea, Per"]
[PlyCount "57"]
[EventDate "2016.11.04"]

1. e4 c5 2. d4 cxd4 3. c3 d3 $2 (3... dxc3 4. Nxc3 Nc6 5. Nf3) (3... Nf6 4. e5
Nd5 5. Nf3 d6 6. cxd4 Nc6) 4. Bxd3 Nc6 5. Nf3 e6 6. O-O Bc5 7. c4 Nge7 8. Nc3
a6 9. Qe2 O-O 10. Kh1 Qc7 11. Be3 Bxe3 12. Qxe3 Ng6 13. b3 Nge5 14. Nxe5 Qxe5
15. Ne2 Rd8 16. f4 Qc7 17. Ng3 f6 18. Ne2 b6 19. Rf3 Bb7 20. Rg3 Re8 21. Qf3
Re7 22. Rf1 a5 23. Qf2 Nb4 24. Bb1 Na6 25. Nc3 Bc6 26. Nb5 Bxb5 27. cxb5 Nc5
28. Rc3 Nxe4 $4 (28... e5 {og svart har ingen problemer}) 29. Bxe4 1-0

[Event "NM for ungdom 2016, gruppe C"]
[Site "Trondheim, Sør-Trøndelag NOR"]
[Date "2016.11.06"]
[Round "6"]
[White "Midtgard, Anders"]
[Black "Joa, Sander"]
[Result "1-0"]
[WhiteElo "1105"]
[BlackElo "1001"]
[Annotator "Lea, Per"]
[PlyCount "83"]
[EventDate "2016.11.04"]

1. d4 Nf6 2. Nf3 d5 3. c4 e6 4. Nc3 Bb4 5. Bg5 Bxc3+ 6. bxc3 Nbd7 7. e3 b6 8.
Be2 O-O 9. O-O a5 10. Ne5 h6 11. Bh4 g5 12. Bg3 Ne4 13. Nc6 Nxc3 $4 (13... Qe8
14. Qc2 Nxg3 15. hxg3 {med lik stilling}) 14. Qc2 $2 (14. Nxd8 $1 Nxd1 15.
Rfxd1 Rxd8 16. Bxc7 Re8 17. cxd5 exd5 18. Bb5 Re7 19. Rab1 {og hvit står klart
best} (19. Bxd7 Rxd7 20. Bxb6 Rb7 21. Bc5 Bf5 {og svart kan kjempe videre, det
er vanskelig å vinne med bonde over når det er ulikefargede løpere på brettet})
) 14... Nxe2+ 15. Qxe2 Qe8 16. Bxc7 dxc4 (16... Ba6 $1 17. Bd6 Bxc4 18. Qh5 f6
19. Qxh6 Rf7 20. Qg6+ Rg7 21. Qxe8+ Rxe8 22. Rfc1) 17. Bd6 Ba6 18. Qc2 f6 19.
Bxf8 Nxf8 20. d5 exd5 21. Nd4 Qg6 22. Qxg6+ Nxg6 23. Rfd1 {Veldig forsiktig...}
(23. Rab1 Rb8 24. Nc6 Rb7 {og først nå:} 25. Rfd1) 23... Ne7 24. a4 Kf7 25.
Rab1 {Endelig!} Rb8 26. g4 $2 {Litt vanskelig å se poenget med dette trekket.
Stillingen formelig skriker etter tårndobling i b-linja.} Bc8 27. h3 Bd7 28.
Nb5 f5 29. gxf5 Bxf5 30. Nd6+ Kf6 $2 (30... Ke6 31. Nxf5 Nxf5 32. Rb5 c3 33.
Kf1 Nd6 34. Rbxd5 c2 35. Rxd6+ Ke7 36. Rd7+ Ke8 37. Ke2 cxd1=Q+ 38. Rxd1 {med
omtrent likt sluttspill}) 31. Nxf5 Kxf5 32. Rd4 $2 (32. Kf1 Ke5 33. Rb5 Kd6 34.
Ke2 {og hvit står bedre}) 32... Ke6 33. h4 Nf5 34. Rdd1 Nxh4 35. Rb5 c3 (35...
d4 36. Rxd4 $4 Nf3+ 37. Kf1 Nxd4 38. exd4 {og nå er det svart som vinner!}) 36.
Rc1 d4 37. exd4 Nf3+ 38. Kg2 Nxd4 39. Re1+ Kd6 $4 {Etter at det har vekslet
litt fram og tilbake, bukker svart partiet!} 40. Rd1 Kc7 41. Rxd4 Kb7 42. Rc4
1-0

[Event "NM for ungdom 2016, gruppe C"]
[Site "Trondheim, Sør-Trøndelag NOR"]
[Date "2016.11.06"]
[Round "7"]
[White "Grønn, Embla Ekeland"]
[Black "Midtgard, Anders"]
[Result "1-0"]
[WhiteElo "1522"]
[BlackElo "1105"]
[Annotator "Lea, Per"]
[PlyCount "47"]
[EventDate "2016.11.04"]

1. d4 Nf6 2. Nc3 d5 3. Bg5 e6 4. e4 Be7 5. e5 Nfd7 6. Bxe7 Qxe7 7. f4 c5 $2 ({
Her hadde} 7... a6 {vært på sin plass}) 8. Nb5 $1 {Ekkelt...} Qd8 ({Det er
mulig det er bare å bite i det sure eplet:} 8... O-O 9. Nc7 cxd4 10. Nxa8 Qb4+
11. Qd2 Qxb2 12. Rd1 Nc5 13. Nf3 Bd7 14. Bd3 {og svart kan kjempe videre selv
om det er oppoverbakke} (14. Nc7 Ne4 15. Qxd4 Nc3 16. Rd3 Qb1+ 17. Kf2 Qxc2+
18. Kg1 Ne4 {med motsjanser for svart - men det skal noe til å våge dette over
brettet})) 9. Nd6+ {Tartakower (?) sa en gang: "hvis jeg får plassert enhvit
springer på d6, kan jeg rolig legge meg til å sove, for da vinner partiet seg
selv"} Kf8 10. Qh5 g6 11. Qh6+ Kg8 12. Nf3 Nc6 13. Ng5 Qf8 14. Qxf8+ Kxf8 15.
Ndxf7 Nxd4 16. O-O-O Rg8 17. Nh6 Kg7 18. Nxg8 Kxg8 19. c3 Nc6 20. Nxe6 Ne7 21.
Nc7 Rb8 22. Nxd5 Nf5 23. g4 Ng7 24. Ne7+ 1-0

[Event "NM for ungdom 2016"]
[Site "Trondheim, Sør-Trøndelag NOR"]
[Date "2016.11.04"]
[Round "1"]
[White "Lange, Magnus"]
[Black "Dahl, Ian"]
[Result "0-1"]
[WhiteElo "843"]
[BlackElo "959"]
[Annotator "Lange,Holger"]
[PlyCount "44"]
[EventDate "2016.11.04"]

1. e4 e5 2. Nf3 Nc6 3. Bc4 Bc5 4. d3 Nf6 5. Nc3 d6 6. Bg5 Be6 7. Bb3 Nd4 8.
Nxd4 Bxd4 9. Rb1 {Det kan mal vel kalle omstendlig. Magnus ønsket å spille Sb5
uten å miste b2 bonden. Motstanderen ødela planen med neste trekk.} c6 10. Ne2
$2 Bb6 $6 (10... Bxf2+ $1 11. Kxf2 Ng4+ 12. Kg3 Qxg5 13. Qc1 Qg6 $19 {var
kanskje for vanskelig å se}) 11. Nc3 O-O 12. O-O Rc8 13. Ne2 {Hvit elsker
springertrekk til fram og tilbake?} d5 14. Ng3 $2 {Tar vekk feltet g3 for
løperen. Hvits problem er binding av f2 bondet. Tidligere eller senere skulle
Kh1 skje. Magnus har betraktet bindingen som vesentlig, og helst glemt det
senere} h6 15. Bxf6 $2 {Det er ikke hvits oppgave å utvikle svarte figurer og
sørger for svarts kongeangrep! Le3 eller Ld2 var nødvendig.} Qxf6 16. a3 $2 {
Uten plan, i følge Magnus} Rfd8 17. Qe2 Qf4 {Store bror David mente at dette
er en typisk ungdomsjakktrekk: truer ingenting konkret, eneste mål er å
tillatte at motstanderen kan ta feil. Jeg er ikke enig i ham - Df4 er en
veldig greit og farlig trekk, selv om Dg5 er kanskje enda sterkere. David og
jeg var redd for at Magnus spille h3 her og taper springeren. Han brukte
ganske mye tid, og vi var optimistik at han finner det helt nødvendige Kh1 her
(endelig), men...} 18. Nh5 $2 Qg5 19. Ng3 Bg4 20. Qe1 {eneste trekk, og nå se
det ganske mørkt ut.} h5 $1 21. h3 $4 {som fryktet. Her hadde Magnus ikke
oversikt lengre - glemte binding av f2 bondet} Bxh3 22. Qd1 Qxg3 {Oppgitt. Vi
mener at motstanderen har spilt en god del sterkere enn ratingen tilsier.} 0-1

[Event "NM for ungdom 2016"]
[Site "Trondheim, Sør-Trøndelag NOR"]
[Date "2016.11.04"]
[Round "2"]
[White "Ersdal, Kevin C"]
[Black "Lange, Magnus"]
[Result "1-0"]
[WhiteElo "741"]
[BlackElo "843"]
[Annotator "Lange,Holger"]
[PlyCount "67"]
[EventDate "2016.11.04"]

1. e4 e5 2. Nf3 Nc6 3. d4 Bd6 $2 {Kan man det vel kalle nybegynnertrekk?} 4.
Nc3 Nf6 5. d5 Ne7 {Hvit kan være veldig fornøyd med stillingen} 6. Qd3 Ng6 7.
Bd2 Bc5 8. Be3 Bxe3 9. Qxe3 Ng4 10. Qd2 d6 11. h3 Nf6 12. O-O-O a6 {Det fleste
ville jo har valgt å rokere her.} 13. Be2 b5 14. a3 Bd7 15. Nh2 Qb8 {Hva med
rokaden?} 16. Nb1 $4 {Hvis hvit spiller sånn, kan man vel glemme rokaden?} Nxe4
17. Qe3 Nc5 18. Rhf1 {Svart står til vinst. Bare at han må rokere kongen vekk
fra vis-a-vis med svarte dame} a5 19. f4 $1 b4 $6 {Hva med rokaden?} 20. fxe5
Nxe5 $4 (20... O-O {nå! Siste sjanse! Etter det står det fortsatt til vinst
for svart.}) 21. Nf3 {Så er det plutselig hvit igjen som står mye bedre.
Rokaden taper en offiser} bxa3 22. Nxa3 Qa7 23. Nxe5 dxe5 24. Qxe5+ Kf8 25. d6
$6 (25. Bh5 $1 {vinner umiddelbart:} Be8 26. Rde1 c6 27. dxc6 Rc8 28. Qd6+ Kg8
29. Nb5 Qb6 30. Rxe8+ Rxe8 31. Bxf7#) 25... cxd6 26. Qxd6+ Kg8 27. Qe7 Rf8 28.
Bc4 h6 29. Bxf7+ Kh7 30. g4 Rb8 31. g5 Rhc8 32. gxh6 Na4 (32... Qb6 {kunne han
prøvd som siste mulighet:} 33. b3 $2 Qxh6+ 34. Kb2 Be6 35. Bxe6 Nxe6 {og vi
spiller litt videre. Men hvis hvit tillatte svart å slå på b2 som er ikke så
farlig man skulle tro. sliter svart uansett}) 33. Qe4+ Kh8 34. hxg7+ 1-0

[Event "NM for ungdom 2016"]
[Site "Trondheim, Sør-Trøndelag NOR"]
[Date "2016.11.05"]
[Round "4"]
[White "Haugstvedt, Eirik"]
[Black "Lange, Magnus"]
[Result "1/2-1/2"]
[WhiteElo "512"]
[BlackElo "843"]
[Annotator "Lange,Holger"]
[PlyCount "62"]
[EventDate "2016.11.04"]

1. e4 e5 2. Nf3 Nc6 3. Bc4 Bc5 4. d3 Nf6 5. Ng5 O-O 6. Nc3 h6 7. Nf3 d6 8. h3
Bd7 9. O-O Qc8 $6 10. Nd5 Nxd5 11. Bxd5 Ne7 12. c3 c6 13. Bb3 b5 14. d4 exd4
15. cxd4 Bb6 16. Bf4 d5 17. exd5 cxd5 $2 {koster en bonde} 18. Bd6 Re8 19. Bxe7
Rxe7 20. Bxd5 Rb8 21. Rc1 Qd8 22. Bc6 Rc8 23. d5 $11 Bxc6 24. dxc6 Qxd1 25.
Rfxd1 Re2 {svart vinner tilbake bonden nå, men hvit gjør det enda vanskeligere
for seg selv:} 26. Rf1 $2 (26. Rd2 Bxf2+ 27. Kf1 Rxd2 28. Nxd2 Be3 $11) 26...
Rxb2 27. a3 b4 $2 (27... Ra2 {beholder fordel:} 28. Rc3 a6 29. g3 Ba5 30. Rcc1
Rxa3 $17) 28. axb4 Rxb4 29. Ne5 Rb5 30. Nd7 Rc7 31. Nxb6 axb6 {og her skjedde
det ufattelige: hvit spilte cxb7??? (en passant) - ulovlig selvsagt - og svart
aksepterte det og spilte videre! Etter ytterligere 8 trekk som skal ikke
reproduseres her blir det remis, og det gjelder også "siste lovlige
stillingen" i partiet} 1/2-1/2

[Event "NM for ungdom 2016"]
[Site "Trondheim, Sør-Trøndelag NOR"]
[Date "2016.11.05"]
[Round "5"]
[White "Høyforsslett, Gard Rye"]
[Black "Lange, Magnus"]
[Result "1/2-1/2"]
[WhiteElo "767"]
[BlackElo "843"]
[Annotator "Lange,Holger"]
[PlyCount "105"]
[EventDate "2016.11.04"]

1. e4 e5 2. Nf3 Nc6 3. Bc4 Bc5 4. b4 {Ponziani Gambit! Ser man sjelden i vår
tid} Bxb4 5. c3 Ba5 6. d4 exd4 7. O-O Bxc3 8. Nxc3 dxc3 {Så langt følger vi
partiet Paul Morphy - Ernest Morphy, New Orleans 1850. Men her skjedde La3 i
steden for} 9. Qb3 Qf6 10. Ng5 {og her begynner nytt terreng!} Nh6 11. f4 $2
Nd4 $2 (11... Na5 12. Qa4 Qd4+ 13. Kh1 Nxc4 $19) 12. Qa4 $2 c6 $2 13. e5 b5 14.
Bxb5 Qf5 15. Qxd4 cxb5 16. Qxc3 $2 (16. Ba3 {og det er slett med rokade for
svart. Hvit står til vinst, f.eks.} Bb7 17. Rad1 Bc6 18. Qxc3 a5 {for å
forhindre Db4 eller Dc5} 19. e6 fxe6 20. Nxe6 Qg6 21. Ng5 b4 22. Qc5 bxa3 23.
Rfe1+ $18) 16... O-O 17. Ba3 Re8 18. Rac1 {omtrent likt igjen} Ba6 {truer ...b4
} 19. Rf3 Bb7 20. Rf2 Ng4 21. Rff1 {Svart står plutselig betydelig bedre.
Magnus finner ikke Sxe5, men likevel er det god fordel for ham} h6 22. Nf3 Bxf3
{hvorfor ikke} (22... Qxf4 23. h3 Qe3+ 24. Qxe3 Nxe3 {osv.}) 23. Rxf3 Qe6 24.
Qb2 $2 {hvor skal vel springeren etter} (24. h3) 24... Rac8 25. Rc2 Qb6+ 26.
Kh1 Rxc2 (26... b4 {vinner offiser}) 27. Qxc2 d6 $1 28. h3 (28. Bxd6 $4 Qxd6 $1
) 28... b4 $2 (28... Ne3 29. Qf2 Nc4 30. Qxb6 Nxb6 $11) 29. Bc1 Nxe5 30. fxe5
Rxe5 31. Bd2 Re2 32. Qd3 Re6 33. Re3 Qc6 $1 {Magnus setter opp en felle...} 34.
Rxe6 fxe6 35. Bxb4 $4 {og motstanderen faller i den} Qc1+ 36. Kh2 Qf4+ 37. Qg3
Qxb4 38. a3 Qc5 {og sluttspill er lett vunnet, tenkte David og jeg som sto ca.
10 m unna} 39. Qb3 Kh7 40. a4 a5 41. Qb5 Qe5+ 42. g3 Kg6 43. Qd3+ Kf7 44. Qf3+
Ke7 45. Qb7+ Kf6 46. Qf3+ Qf5 47. Qc3+ Kg6 48. Qd4 d5 49. g4 Qf6 50. Qd3+ Kf7
51. Qb5 Qf4+ 52. Kg2 Qb4 53. Qd7+ {Alle andre partier i gruppe D var slutt til
lengst. Kun disse to kjempet fortsatt på brettet. Magnus hadde 29 min igjen,
motstanderen 22 min (uten tillegstid). Selvfølgelig er stillingen kliss vunnet
for Magnus. Likevel valgte han her å tilby remis - "Jeg har ikke sett hvordan
jeg kommer ut av alt de sjakkene". Så er kanskje det merkeligste i partiet
resutaltet. Motstanderen aksepterte tilbduet i en brøkdel av ett sekund med
stor smil. Faren hans, åpenbart ikke sjakkspiller selv. spurte meg "hvorfor
ble det remis nå? Hadde de en trekkgjentakelse kanskje?"} 1/2-1/2

[Event "NM for ungdom 2016"]
[Site "Trondheim, Sør-Trøndelag NOR"]
[Date "2016.11.06"]
[Round "6"]
[White "Lange, Magnus"]
[Black "Låhne, Erik Aurelius"]
[Result "1/2-1/2"]
[WhiteElo "843"]
[BlackElo "578"]
[Annotator "Lange,Holger"]
[PlyCount "61"]
[EventDate "2016.11.04"]

1. e4 e5 2. Nf3 Nc6 3. Bc4 Bc5 4. d3 h6 5. Nc3 Nf6 6. Bd2 d6 7. h3 Be6 8. Bxe6
fxe6 9. O-O Qd7 10. a3 O-O-O 11. Na4 Bd4 12. Nxd4 Nxd4 13. c3 Nc6 14. b4 Rhg8
15. b5 Na5 16. c4 g5 $4 {Motstanderen tenker kun på eget angrep - men det
henger jo på a5!} 17. Bxa5 Qg7 18. g3 h5 19. Qe2 (19. c5 dxc5 20. Nxc5 b6 $2 (
20... Rd6 21. Rc1 b6 22. Qa4 $1 bxc5 23. Rxc5 Rd7 24. Bc3 Kb8 25. Bxe5) 21.
Nxe6) 19... Rh8 20. Qe3 h4 21. g4 (21. Qxa7 {Magnus har sett det men blir alt
for nervøs pga angrep i h linja} hxg3 22. b6 Rxh3 23. bxc7 Rdh8 24. Qb8+ Kd7
25. Qd8+ $3) 21... b6 22. Bd2 Rdg8 23. f3 {det begynner med tidsnød for hvit}
Nd7 24. Bc3 Rf8 25. d4 Rf6 26. Ra2 Rhf8 27. Raf2 R8f7 28. Nb2 Qf8 29. Nd3 exd4
30. Bxd4 e5 31. Bb2 $18 {Her var det < 5 min igjen. Magnus var klar over at
det er et vunnet stilling, men han var livsredd for å tape på grunn av tid
eller bukk i høy tidsnød - remistilbud! Egentlig er stillingen låst for svart,
og det er kun hvit som kan bli aktivt, f.eks. finner et god sentralt for
springeren (d5 eller f5).} 1/2-1/2

[Event "Oslo Chess Festival 2016"]
[Site "Oslo NOR"]
[Date "2016.09.30"]
[Round "1"]
[White "Bø, Martin"]
[Black "Byrne, Alex"]
[Result "0-1"]
[WhiteElo "1432"]
[BlackElo "1955"]
[PlyCount "82"]
[EventDate "2016.09.30"]

1. d4 e6 2. c4 f5 3. g3 Nf6 4. Bg2 Be7 5. Nc3 O-O 6. Nf3 Qe8 7. O-O Ne4 8. d5
Nxc3 9. bxc3 Bf6 10. Nd4 g6 11. e4 fxe4 12. Re1 e5 13. Rxe4 Qf7 14. Nf3 d6 15.
Bh6 Bg7 16. Bxg7 Kxg7 17. Qe2 Bf5 18. Nxe5 dxe5 19. Rxe5 Qf6 20. Re7+ Rf7 21.
Re8 Bd7 22. Re3 Na6 23. d6 c6 24. Rd1 Raf8 25. Rf3 Qe6 26. Re3 Qf5 27. Rf3 Qh5
28. Rxf7+ Rxf7 29. Qxh5 gxh5 30. h4 Be6 31. Bf3 Rd7 32. Bxh5 Bxc4 33. Bg4 Rd8
34. d7 Kf6 35. Re1 Nc7 36. a3 Be6 37. Bf3 Rxd7 38. Kg2 Bd5 39. Rb1 Bxf3+ 40.
Kxf3 Nb5 41. c4 Nxa3 0-1

[Event "Oslo Chess Festival 2016"]
[Site "Oslo NOR"]
[Date "2016.10.01"]
[Round "2"]
[White "Vitenberg, Noam Aviv"]
[Black "Bø, Martin"]
[Result "1-0"]
[WhiteElo "1712"]
[BlackElo "1432"]
[PlyCount "45"]
[EventDate "2016.09.30"]

1. d4 Nf6 2. c4 e6 3. Nc3 Bb4 4. e3 d5 5. a3 Bxc3+ 6. bxc3 c5 7. Nf3 O-O 8. Bd3
Nc6 9. O-O Re8 10. cxd5 exd5 11. dxc5 Bg4 12. h3 Bh5 13. Be2 Ne4 14. Bb2 Nxc5
15. Nd4 Bxe2 16. Qxe2 Nxd4 17. cxd4 Na4 18. Qb5 Nb6 19. Bc3 Re6 20. Ba5 a6 21.
Qb3 Rc8 22. Rfc1 Qd6 23. Bxb6 1-0

[Event "Oslo Chess Festival 2016"]
[Site "Oslo NOR"]
[Date "2016.10.02"]
[Round "3"]
[White "Bø, Martin"]
[Black "Tveten, Per"]
[Result "1-0"]
[WhiteElo "1432"]
[BlackElo "1565"]
[PlyCount "103"]
[EventDate "2016.09.30"]

1. d4 d5 2. c4 c6 3. Nf3 Nf6 4. Nc3 Bf5 5. cxd5 cxd5 6. Qb3 b6 7. e4 Bxe4 8.
Nxe4 Nxe4 9. Bb5+ Nd7 10. Ne5 Nef6 11. Bg5 (11. Qf3) 11... a6 12. Bc6 Rc8 13.
Bxf6 Rxc6 14. Nxc6 Qc7 15. Nxe7 Nxf6 16. Nxd5 Nxd5 17. Qxd5 Bb4+ 18. Kf1 O-O
19. g3 Rd8 20. Qe4 g6 21. Kg2 Kf8 22. Rac1 Qa7 23. Rhd1 b5 24. Qe5 Qb7+ 25. Kg1
Kg8 26. d5 Bd6 27. Qf6 Be7 28. Qc6 Qa7 29. Qc7 Qxc7 30. Rxc7 Bf6 31. d6 Bxb2
32. d7 Bf6 33. Rc8 Kf8 34. Rxd8+ Bxd8 35. Kg2 Ke7 36. Kf3 a5 37. Ke4 b4 38. Rd5
f5+ 39. Kd4 Bb6+ 40. Kc4 Kd8 41. f3 Bc7 42. Kb5 h6 43. Kc6 a4 44. Rd3 f4 45. g4
Be5 46. Rd2 Bf6 47. Re2 Be7 48. Rxe7 Kxe7 49. Kc7 b3 50. axb3 axb3 51. d8=Q+
Ke6 52. Qg8+ 1-0

[Event "Oslo Chess Festival 2016"]
[Site "Oslo NOR"]
[Date "2016.10.03"]
[Round "5"]
[White "Langvik, Ulrikke"]
[Black "Bø, Martin"]
[Result "1/2-1/2"]
[WhiteElo "1620"]
[BlackElo "1432"]
[PlyCount "48"]

1. d4 Nf6 2. c4 e6 3. Nc3 Bb4 4. Qc2 O-O 5. Nf3 d6 6. Bg5 Nbd7 7. e4 e5 8.
O-O-O exd4 9. Nxd4 Bxc3 10. bxc3 (10. Qxc3 Nxe4 11. Bxd8 Nxc3 12. bxc3 Rxd8)
10... Re8 11. f4 Qe7 12. Nb5 Nc5 13. Bxf6 gxf6 14. Re1 Bf5 (14... f5 15. e5 f6
16. e6 Bxe6) 15. Bd3 Bxe4 (15... Nxd3+ 16. Qxd3 Bxe4 17. Qg3+ Kh8 18. Qh4 f5
19. Qxe7 Rxe7) 16. Bxe4 Nxe4 17. Nxc7 Qxc7 18. Rxe4 Re6 19. Rhe1 Rae8 20. Qd3
Qa5 21. Rxe6 Rxe6 22. Rxe6 fxe6 23. Qc2 Qc5 24. Qe4 Qg1+ 1/2-1/2

[Event "Oslo Chess Festival 2016"]
[Site "Oslo NOR"]
[Date "2016.10.04"]
[Round "6"]
[White "Tenold, Andreas"]
[Black "Bø, Martin"]
[Result "1/2-1/2"]
[WhiteElo "1671"]
[BlackElo "1432"]
[PlyCount "152"]
[EventDate "2016.09.30"]

1. d4 Nf6 2. c4 e6 3. Nf3 d5 4. e3 Nbd7 5. Be2 c6 6. c5 b6 7. b4 a5 8. bxa5
bxc5 9. Nc3 cxd4 10. Nxd4 Qxa5 11. Bd2 Qc7 12. Rc1 c5 13. Ndb5 Qc6 14. O-O Ba6
15. a4 c4 16. Nd4 Qc5 17. Na2 Ne4 18. Bb4 Qc8 19. Bxf8 Nxf8 20. Nb4 Nd7 21. Bf3
Ndc5 22. Bxe4 Nxe4 23. Qg4 O-O 24. Nbc6 (24. Nxd5 exd5 25. Nf5) 24... Qc7 25.
f4 Nf6 26. Qh4 Bb7 27. Ne5 Nd7 28. Ng4 Qd8 29. Qh5 Nf6 30. Qh3 Nxg4 31. Qxg4
Qf6 32. h4 Qg6 33. Qf3 Rxa4 34. h5 Qe4 35. Qg3 Ra3 36. Rf3 f5 37. h6 g6 38. Re1
c3 39. Qg5 Raa8 40. Qe7 Rf7 41. Qd6 Re8 42. Rf2 Qd3 43. Nf3 c2 44. Rd2 Qc3 45.
Rc1 Qxe3+ 46. Kf1 Rfe7 (46... Rd7 $3 47. Qxd7 Ba6+) 47. Rdxc2 Qd3+ 48. Kg1 Qa6
49. Qe5 Qa8 $4 50. Nd4 (50. Rc7) 50... Qb8 51. Qe3 e5 52. fxe5 Qxe5 53. Qc3
Qe3+ 54. Kh1 Qxc3 55. Rxc3 Re1+ 56. Kh2 Rxc1 57. Rxc1 Rc8 58. Re1 Kf7 59. Nb5
Rc6 60. Nd4 Rd6 61. Kg3 Ra6 62. Rc1 Ra4 63. Rc7+ Kg8 $4 (63... Kf6 64. Nf3 Ba8)
64. Rg7+ Kf8 65. Ne6+ Ke8 66. Rxb7 Re4 67. Nc5 (67. Rxh7 Rxe6 68. Ra7 g5 69. h7
Rh6 70. h8=Q+ Rxh8 71. Ra8+ Kf7 72. Rxh8) 67... Re7 68. Rxe7+ Kxe7 69. Kf4 Kf6
70. Nd7+ Ke7 71. Ne5 Kf6 72. Nf3 d4 73. g4 $4 (73. Ng5 Ke7 74. Nxh7 Kf7 75. Ke5
Kg8 76. Ng5) 73... fxg4 74. Kxg4 g5 75. Nxd4 Kg6 76. Nf5 Kf6 1/2-1/2